000 00503nam a2200169Ia 4500
999 _c17
_d17
003 OSt
005 20210909123616.0
008 190216s9999||||xx |||||||||||||| ||und||
040 _coclc
082 _a892.73
_bUMA/Q
100 _aUmar,Abid Fathah Sabri Va Ali
_98824
245 0 _aAl Qiratul Rashida /
_cAbid Fathah Sabri Va Ali Umar
260 _bAl Mathbahathul Kaslookiya,
_aBeirut:
_c1955.
300 _a126p
650 _aArabic
942 _cBK
_2ddc
_h892.73
_iUMA/Q
_k892.73
_mUMA/Q